Movie Teachers Quiz Stats

Quiz not verified by Sporcle

Challenge
Share
Tweet
Embed
Score 0/12 Timer 04:00
0 Plays Today
Teacher Movie % Correct
John KeatingDead Poets Society
82.1%
Dewey FinnSchool of Rock
65%
Gilderoy LockhartHarry Potter and the Chamber of Secrets
62.6%
Glenn HollandMr. Holland's Opus
58.5%
Miss GeistClueless
44.7%
Miss Norbury Mean Girls
44.7%
Louanne JohnsonDangerous Minds
32.5%
John KimbleKindergarten Cop
24.4%
Mr. RyanBill and Ted's Excellent Adventure
17.1%
Pauline Fleming Heathers
14.6%
Dave NovotnyElection
10.6%
Mark ThackerayTo Sir With Love
10.6%

You're not logged in!

Compare scores with friends on all Sporcle quizzes.
Sign Up with Email
OR
Log In

You Might Also Like...

Show Comments

Extras

Top Quizzes Today


Score Distribution

Your Account Isn't Verified!

In order to create a playlist on Sporcle, you need to verify the email address you used during registration. Go to your Sporcle Settings to finish the process.

Report this User

Report this user for behavior that violates our Community Guidelines.

Details: